Normal view
MARC view
Entry Topical Term
001 - CONTROL NUMBER
- control field: 27771
003 - CONTROL NUMBER IDENTIFIER
- control field: ENAL
005 - DATE AND TIME OF LATEST TRANSACTION
- control field: 20191009125843.0
008 - FIXED-LENGTH DATA ELEMENTS
- fixed length control field: 191009|| aca||aabn | a|a d
040 ## - CATALOGING SOURCE
- Original cataloging agency: ENAL
- Transcribing agency: ENAL
150 ## - HEADING--TOPICAL TERM
- Topical term or geographic name entry element: Chicks
- General subdivision: Diseases
670 ## - SOURCE DATA FOUND
- Source citation: Work cat.: (ENAL)64270: Mohammed, Zeinab Saad Abd El Razek 27769, Bacteriological studies on some bacteria causing omphalitis in baby chicks, 2018.